000 00800nam a2200205 i 4500
001 70126
003 ES-MaACL
005 20230906170728.0
007 t|
008 040719s1958 sp ||||1| spa d
100 1 _aGarcía de Oteyza, Luis.
_954478
245 1 3 _aEl Plan de Badajoz /
_c[bajo la dirección de Luis García de Oteyza].
260 _a[Madrid] :
_bSecretaría Gestora del Plan de Badajoz,
_c[1958] (
_fE. Casado)
300 _a212 p., lám. :
_bil. ;
_c27 cm.
500 _aPrecede al tít.: Presidencia del Gobierno, Instituto Nacional de Industria.
651 4 _aBadajoz (Provincia)-
_xPolítica económica.
_9160837
710 2 _aInstituto Nacional de Industria (España)
_93953
710 1 _aSecretaría Gestora del Plan de Badajoz.
_96522
852 _aES-MaACL
_jC-15723
_bR.43046
999 _c70126
_d70126